书目信息 |
| 题名: |
因材施教的艺术
|
|
| 作者: | 奥布赖恩 , 吉内 著 ;陈立 译 | |
| 分册: | ||
| 出版信息: | 北京 北京师范大学出版大学 2006 |
|
| 页数: | 164页 | |
| 开本: | 23cm | |
| 丛书名: | 当代西方教师教育译丛 | |
| 单 册: | ||
| 中图分类: | G422 | |
| 科图分类: | ||
| 主题词: | 因材施教--教学理论 | |
| 电子资源: | ||
| ISBN: | 7-303-08044-9 | |
| 000 | 01165oam2 2200289 450 | |
| 001 | 1533892934 | |
| 005 | 20150118152246.75 | |
| 010 | @a7-303-08044-9@dCNY20.00 | |
| 100 | @a20070104d2006 em y0chiy50 ea | |
| 101 | 1 | @achi@ceng |
| 102 | @aCN@b110000 | |
| 105 | @ay z 000yy | |
| 200 | 1 | @a因材施教的艺术@9yin cai shi jiao de yi shu@dDifferentiation in teaching and learning@f(英)蒂姆·奥布赖恩(Tim O'Brien),(英)丹尼斯·吉内(Dennis Guiney)著@g陈立译@zeng |
| 210 | @a北京@c北京师范大学出版大学@d2006 | |
| 215 | @a164页@d23cm | |
| 225 | 2 | @a当代西方教师教育译丛 |
| 305 | @a英国Continuum Internationl Publishing Group授权出版 | |
| 330 | @a本书从分层教学的理论和具体方案出发,剖析了教师的信念体系,诠释了师生互动的四种形式,呈现了自尊体系、情感分层等不同于以往的教育策略。 | |
| 461 | 0 | @12001 @a当代西方教师教育译丛 |
| 510 | 1 | @aDifferentiation in teaching and learning@zeng |
| 606 | 0 | @a因材施教@x教学理论 |
| 690 | @aG422@v5 | |
| 701 | 0 | @c(英)@a奥布赖恩@9ao bu lai en@c(O'Brien, Tim)@4著 |
| 701 | 0 | @c(英)@a吉内@9ji nei@c(Guiney, Dennis)@4著 |
| 702 | 0 | @a陈立@9chen li@c(教育)@4译 |
| 801 | 0 | @aCN@bTSSF@c20150118 |
| 905 | @aZUCC@dG422@eJY406 | |
| 因材施教的艺术=Differentiation in teaching and learning/(英)蒂姆·奥布赖恩(Tim O'Brien),(英)丹尼斯·吉内(Dennis Guiney)著/陈立译.-北京:北京师范大学出版大学,2006 |
| 164页;23cm.-(当代西方教师教育译丛) |
| ISBN 7-303-08044-9:CNY20.00 |
| 本书从分层教学的理论和具体方案出发,剖析了教师的信念体系,诠释了师生互动的四种形式,呈现了自尊体系、情感分层等不同于以往的教育策略。 |
| ● |
| 相关链接 |
|
|
|
|
正题名:因材施教的艺术
索取号:G422/JY406
 
预约/预借
| 序号 | 登录号 | 条形码 | 馆藏地/架位号 | 状态 | 备注 |
| 1 | 7848066 | 278480662 | 学院路分馆/ [索取号:G422/JY406] | 在馆 | |
| 2 | 7851695 | 278516955 | 学院路分馆/ [索取号:G422/JY406] | 在馆 |